គោលការណ៍ណែនាំសម្រាប់គ្រប់គ្រងព្រៃឈើប្រកបដោយនិរន្តរភាព (Record no. 9272)
[ view plain ]
| 000 -LEADER | |
|---|---|
| fixed length control field | 00567nam a22001217a 4500 |
| 040 ## - CATALOGING SOURCE | |
| Transcribing agency | HS |
| 082 ## - DEWEY DECIMAL CLASSIFICATION NUMBER | |
| Classification number | 581 |
| 100 ## - MAIN ENTRY--AUTHOR NAME | |
| Personal name | ក្រសួងកសិកម្ម រុក្ខាប្រមាញ់ និងនេសាទ |
| 245 ## - TITLE STATEMENT | |
| Title | គោលការណ៍ណែនាំសម្រាប់គ្រប់គ្រងព្រៃឈើប្រកបដោយនិរន្តរភាព |
| 260 ## - PUBLICATION, DISTRIBUTION, ETC. (IMPRINT) | |
| Place of publication | Phnom Penh |
| Name of publisher | ក្រសួងកសិកម្ម រុក្ខាប្រមាញ់ និងនេសាទ |
| Year of publication | NA |
| 300 ## - PHYSICAL DESCRIPTION | |
| Number of Pages | 122p; |
| 942 ## - ADDED ENTRY ELEMENTS (KOHA) | |
| Koha item type | សៀវភៅភាសាខ្មែរ |
| 952 ## - LOCATION AND ITEM INFORMATION (KOHA) | |
| Withdrawn status [LOCAL, KOHA] | 0 |
| Permanent Location | Date acquired | Koha item type | Lost status | Shelving location | Barcode | Current Location | Full call number |
|---|---|---|---|---|---|---|---|
| Library Block C | 2016-08-29 | សៀវភៅភាសាខ្មែរ | C174 | RUA060153 | Library Block C | 581 NA NA C174 |